| 000 | 00764nam a22002057a 4500 | ||
|---|---|---|---|
| 999 |
_c18535 _d18535 |
||
| 003 | AR-CdUCM | ||
| 008 | 190514b ||||| |||| 00| 0 spa d | ||
| 040 |
_aMUNICIPALIDAD PROVINCIAL DEL CUSCO _cBIBLIOTECA MUNICIPAL DEL CUSCO |
||
| 082 |
_23ed. _a595.799 / _bM15 / 1949 |
||
| 100 |
_aMaeterlinck, Maurice _910261 |
||
| 245 | _aLa vida de las abejas / | ||
| 260 |
_aBuenos Aires : _bLosada, _c1949 |
||
| 300 |
_a212 paginas ; _c19 cm. |
||
| 505 | _aContenido: En el umbral de la colonia -- El enjambre -- La fundación de la colmena -- Las reinas jovenes -- El vuelo nupcial -- La matanza de los zanganos... | ||
| 650 |
_aAbeja _939177 |
||
| 650 |
_aColmena _939178 |
||
| 700 |
_aTornamira, Pedro de _939179 |
||
| 942 |
_2ddc _cLIBROS |
||
| 945 |
_apjha _d2019-05-14 |
||